Pastoral familiar en contextos de pobreza : Acción - investigación - resilencia del sistema familiar
Uloženo v:
| Hlavní autor: | |
|---|---|
| Další autoři: | |
| Médium: | Kniha |
| Jazyk: | španělština |
| Vydáno: |
[Buenos Aires]
D&D
|
| Témata: | |
| Tagy: |
Přidat tag
Žádné tagy, Buďte první, kdo vytvoří štítek k tomuto záznamu!
|
MARC
| LEADER | 00000nam a22000005a 4500 | ||
|---|---|---|---|
| 003 | CL-ChBUA | ||
| 005 | 20120815091705.0 | ||
| 008 | 100525s|||| ag ||||| |||| 000 ||spa | ||
| 020 | |a 9789879371237 | ||
| 040 | |a CL-ChBUA |c CL-ChBUA | ||
| 082 | 0 | 0 | |a 259.1 |
| 090 | |c 27586 |d 27586 | ||
| 100 | 1 | |a Rodríguez, Marta Verónica | |
| 245 | 1 | 0 | |a Pastoral familiar en contextos de pobreza : Acción - investigación - resilencia del sistema familiar |
| 260 | |a [Buenos Aires] |b D&D | ||
| 300 | |a 232 p. |c 22 cm. | ||
| 504 | |a índice, bibl. | ||
| 650 | 4 | |a LIDERAZGO CRISTIANO | |
| 700 | 1 | |a Feldman, Cecilia Laura | |
| 942 | |c LIB | ||
| 952 | |0 0 |1 0 |4 0 |7 0 |9 64716 |a UNACH |b UNACH |c 200 |d 2010-05-25 |i 46.326 |l 0 |o 259.1 / R 696 |p 65851 |r 2023-11-24 00:00:00 |u 64716 |w 2012-08-08 |y LIB |k 259.1 / R 696 | ||
| 999 | |c 27586 |d 27586 | ||